La Constitution française - Statistiques

Statistiques générales
  • Ce quiz a été pris 417 fois
  • Le résultat moyen est 8 sur 12
Statistiques - réponses
Question Réponse % Correct
Article 9 : "Le Président de la République préside _____." le conseil des ministres
81%
Article 21 : "Le _____ dirige l'action du Gouvernement. Il est responsable de la défense nationale. Il assure l'exécution des lois." Premier ministre
80%
Article 37 : "Les matières autres que celles qui sont du domaine de la loi ont un caractère _____." réglementaire
80%
Article 15 : "Le Président de la République est le chef _____. Il préside les conseils et les comités supérieurs de la défense nationale." des armées
79%
Article 57 : "Les fonctions de membre _____ sont incompatibles avec celles de ministre ou de membre du Parlement." du Conseil constitutionnel
73%
Article 2 : "L'emblème national est _____." le drapeau tricolore, bleu, blanc, rouge
72%
Article 5 : "Le _____ veille au respect de la Constitution. Il assure, par son arbitrage, le fonctionnement régulier des pouvoirs publics ainsi que la continuité de l'État." Président de la République
67%
Article 24 : "Le Parlement vote la loi. Il contrôle l'action du Gouvernement. Il évalue _____." les politiques publiques
60%
Article 88-1 : "La République participe à l'Union européenne constituée d'États qui ont choisi librement d'exercer en commun certaines de leurs compétences en vertu du traité sur l'Union européenne et du traité sur le fonctionnement de l'Union européenne, tels qu'ils résultent du traité signé à _____ le 13 décembre 2007. Lisbonne
59%
Article 1er : "La France est une République indivisible, laïque, démocratique et _____." sociale
59%
Article 3 : "La souveraineté nationale appartient au peuple qui l'exerce par ses représentants et par la voie _____." du référendum
58%
Article 71-1 "Le _____ veille au respect des droits et libertés par les administrations de l'État, les collectivités territoriales, les établissements publics, ainsi que par tout organisme investi d'une mission de service public, ou à l'égard duquel la loi organique lui attribue des compétences." Défenseur des droits
37%
Aucun quiz correspondant
Distribution des résultats
% des personnes avec chaque résultat
Percentile par nombre de réponses
Votre historique - résultats
Vous n’avez pas pris ce quiz